| 000 | 00581nam a2200217Ia 4500 | ||
|---|---|---|---|
| 003 | GCL | ||
| 008 | 140319s9999 xx 000 0 eng d | ||
| 040 |
_aGCL / _cGCL |
||
| 082 | 0 | 4 |
_a540 _bC F |
| 100 | 1 | _aCARET, ROBERT | |
| 245 | 1 | 0 |
_aFOUNDATIONS OF INORGANIC, ORGANIC & BIOLOGICAL CHEMISTRY / _cCARET, ROBERT |
| 700 | 1 | _aTOPPINO, JOSEPH | |
| 260 |
_a[S.N] : _bWM . C. BROWN ، _c1995 |
||
| 300 | _a574 | ||
| 650 | 0 | 4 | _aINORGANIC CHEMICALS |
| 650 | 0 | 4 | _aORGANIC CHEMISTRY |
| 650 | 0 | 4 | _aBIOLOGICAL CHEMISTRE |
| 650 | 0 | 4 | _aORGANIC |
| 650 | 0 | 4 | _aINORGANIC |
| 942 |
_2ddc _cBK |
||
| 999 |
_c10687 _d10687 |
||